[Event "Challenge"]
[Site "http://www.queenalice.com/game.php?id=1849670"]
[Date "2025.1.2"]
[Round "-"]
[White "Scar"]
[Black "okiwiz"]
[Result "1-0"]
[WhiteElo "1727"]
[BlackElo "1847"]

1. e4 e6 2. d4 d5 3. e5 Bb4+ 4. c3 Ba5 5. Bd3 c5 6. Be3 c4 7. Bc2 Nc6 8. Nf3 Bd7
9. Na3 Nge7 10. Nb5 Bc7 11. Ng5 Na5 12. Nxc7+ Qxc7 13. Nxh7 Rxh7 14. Bxh7 g6 15.
Qf3 Nf5 16. Bg5 Nc6 17. h4 Nce7 18. h5 Kf8 19. hxg6 fxg6 20. Bxe7+ Kxe7 21. Bxg6
Rf8 22. Bxf5 Rxf5 23. Qg4 Kd8 24. Rh8+ Be8 25. Qh4+ Qe7 26. Qxe7+ Kxe7 27. Rh7+
Bf7 28. f3 Kf8 29. Kf2 Kg8 30. Rah1 Rg5 31. Rh8+ Kg7 32. R1h7+ Kg6 33. f4 Rf5
34. g3 b5 35. Kf3 a5 36. g4 Rxf4+ 37. Kxf4 b4 38. g5 a4 39. Rh6+ Kg7 40. R8h7+
Kg8 41. Rxf7 Kxf7 42. Rf6+ Kg7 43. Rxe6 bxc3 44. bxc3 a3 45. g6 Kf8 46. Kf5 Kg7
47. Rd6 Kf8 48. Kf6 Ke8 49. e6 Kf8 50. Rd8# 1-0

[Event "Challenge"]
[Site "http://www.queenalice.com/game.php?id=1850522"]
[Date "2025.1.18"]
[Round "-"]
[White "Scar"]
[Black "okiwiz"]
[Result "1-0"]
[WhiteElo "1781"]
[BlackElo "1820"]

1. e4 c5 2. c3 Nc6 3. d4 g6 4. d5 Na5 5. c4 Bg7 6. Nc3 d6 7. a3 Qb6 8. b4 cxb4
9. Na4 Qc7 10. Rb1 Nxc4 11. axb4 Ne5 12. Bb2 Nh6 13. f4 Bg4 14. Be2 Bxe2 15.
Qxe2 f6 16. fxe5 fxe5 17. h3 Nf7 18. g4 O-O 19. Rc1 Qb6 20. Nxb6 axb6 21. Nf3
Ra2 22. O-O Bh6 23. Rc2 Bf4 24. Bc1 Ra4 25. Qb5 Ra6 26. Bxf4 exf4 27. Nd4 Ne5
28. Ne6 Rfa8 29. Nc7 Nf3+ 30. Rxf3 Ra1+ 31. Kg2 Rf8 32. Qxb6 Re1 33. Ne6 Re8 34.
Rxf4 g5 35. Nxg5 Kg7 36. Rcf2 Kg6 37. h4 h6 38. Ne6 Rg8 39. Kg3 h5 40. g5 Rg1+
41. Rg2 Rc1 42. Qxb7 Rcc8 43. Qxe7 Rge8 44. Qg7# 1-0

[Event "Challenge"]
[Site "http://www.queenalice.com/game.php?id=1850523"]
[Date "2025.1.18"]
[Round "-"]
[White "okiwiz"]
[Black "Scar"]
[Result "0-1"]
[WhiteElo "1840"]
[BlackElo "1735"]

1. d4 d5 2. e3 Nc6 3. Bd3 e6 4. Nf3 Bd6 5. c3 a5 6. O-O Nf6 7. Nbd2 Bd7 8. Ne1
Qe7 9. f4 b6 10. Nef3 O-O 11. Ne5 Bxe5 12. fxe5 Ne8 13. Rf4 g6 14. e4 dxe4 15.
Nxe4 f5 16. exf6 Nxf6 17. Rh4 e5 18. Bc4+ Be6 19. Bb5 Na7 20. a4 c6 21. Bd3 Nxe4
22. Bxe4 Bf5 23. Qe1 Rae8 24. Bf3 e4 25. Bxe4 Bxe4 26. b3 Rf7 27. Ba3 c5 28.
dxc5 bxc5 29. Ra2 Qb7 30. Re2 Rfe7 31. Bxc5 Re6 32. Bxa7 Qxa7+ 33. Kh1 Bxg2+ 34.
Kxg2 Rxe2+ 35. Qxe2 Rxe2+ 36. Kf1 Qf2# 0-1

[Event "Challenge"]
[Site "http://www.queenalice.com/game.php?id=1851175"]
[Date "2025.1.28"]
[Round "-"]
[White "Scar"]
[Black "okiwiz"]
[Result "1-0"]
[WhiteElo "1712"]
[BlackElo "1816"]

1. e4 e6 2. d4 d5 3. e5 c5 4. Be3 c4 5. b3 Bb4+ 6. Bd2 Nc6 7. c3 Be7 8. b4 Bd7
9. a4 Qc7 10. Na3 Bd8 11. Be2 Nge7 12. Nb5 Qb8 13. Nd6+ Kf8 14. Bh5 Bc7 15. Nxf7
g6 16. Nxh8 gxh5 17. Qf3+ Nf5 18. Bh6+ Kg8 19. Qxh5 Kxh8 20. O-O-O Qg8 21. g4
Nxh6 22. Qxh6 Bd8 23. Kb2 Be7 24. f3 Rf8 25. Qe3 Bg5 26. Qf2 Be8 27. h4 Bf4 28.
g5 Ne7 29. Nh3 Bxa4 30. Ra1 b5 31. Rhg1 Qg6 32. Rg4 Nc6 33. Nxf4 Qf5 34. Rc1 Rb8
35. h5 Rb6 36. Qe3 Bb3 37. Qd2 Ra6 38. Ra1 Ba4 39. h6 Ne7 40. Qg2 Ng6 41. Nxg6+
Qxg6 42. f4 Rb6 43. Qf2 Kg8 44. Rf1 Rb7 45. f5 exf5 46. Qxf5 Rf7 47. Qxf7+ Qxf7
48. Rxf7 Kxf7 49. Kc1 Kg6 50. Rf4 Bb3 51. e6 Kxg5 52. Rf2 Kxh6 53. e7 Kg5 54.
e8=Q h5 55. Qe5+ Kg4 56. Qf4+ Kh3 57. Rh2# 1-0

[Event "Challenge"]
[Site "http://www.queenalice.com/game.php?id=1851176"]
[Date "2025.1.28"]
[Round "-"]
[White "okiwiz"]
[Black "Scar"]
[Result "1-0"]
[WhiteElo "1802"]
[BlackElo "1750"]

1. d4 d5 2. e3 e6 3. Bd3 Nc6 4. f4 Bd6 5. Nf3 Nf6 6. Nbd2 Bd7 7. O-O Qe7 8. Ne5
Bxe5 9. fxe5 Ng8 10. b3 O-O-O 11. a4 a5 12. Ba3 Qe8 13. Qh5 g6 14. Qf3 f5 15.
exf6 Qf7 16. e4 Nxd4 17. Qe3 e5 18. Bc5 Nc6 19. exd5 Qxd5 20. Bc4 Qxc5 21. Qxc5
Nh6 22. Rf2 Rhf8 23. Raf1 Ng4 24. Rf3 h5 25. Ne4 b6 26. Qb5 Nb8 27. Qd5 Ne3 28.
Qa8 Nxc4 29. bxc4 Bf5 30. Ng5 Rxf6 31. Ne4 Rf7 32. Ng5 Rfd7 33. h3 c6 34. Kh2
Rb7 35. c5 Kc7 36. Rxf5 Kc8 37. Rf7 Rxf7 38. Rxf7 Rd7 39. Rxd7 Kxd7 40. Qxb8 1-0

[Event "Challenge"]
[Site "http://www.queenalice.com/game.php?id=1852084"]
[Date "2025.2.13"]
[Round "-"]
[White "EdsonEstevam"]
[Black "okiwiz"]
[Result "1-0"]
[WhiteElo "1722"]
[BlackElo "1786"]

1. e4 e6 2. d4 d5 3. exd5 exd5 4. Nf3 Bd6 5. Nc3 Nf6 6. Bg5 O-O 7. Nxd5 Qe8+ 8.
Ne3 Ne4 9. Bc4 Bg4 10. Be2 Bxf3 11. Bxf3 Nxg5 12. Bxb7 Nd7 13. Bxa8 Qxa8 14. Qd3
Qxg2 15. Nxg2 Re8+ 16. Ne3 c5 17. O-O-O cxd4 18. Nf5 Bf4+ 19. Kb1 Ne6 20. Rde1
Ndc5 21. Qf1 Rb8 22. Qg2 g6 23. h4 Kf8 24. Ng3 Na4 25. b3 Nc3+ 26. Ka1 a5 27.
Ne4 a4 28. Nxc3 dxc3 29. Re4 axb3 30. axb3 Bd2 31. Ra4 Kg7 32. h5 g5 33. Qg3 h6
34. Qxb8 Nc5 35. Qe5+ 1-0

[Event "Blues"]
[Site "http://www.queenalice.com/game.php?id=1853371"]
[Date "2025.3.6"]
[Round "-"]
[White "okiwiz"]
[Black "bobifixer"]
[Result "0-1"]
[WhiteElo "1784"]
[BlackElo "1915"]

1. d4 Nf6 2. e3 d5 3. Bd3 g6 4. Nd2 Bg7 5. f4 Bg4 6. Ngf3 Nbd7 7. O-O O-O 8. Qe1
Bxf3 9. Nxf3 c5 10. c3 c4 11. Bc2 b5 12. Ne5 Nxe5 13. fxe5 Ne4 14. Qh4 e6 15.
Qg4 h5 16. Qf4 Qg5 17. Qxg5 Nxg5 18. Bd2 a5 19. Rae1 Rab8 20. Rf2 Ne4 21. Bxe4
dxe4 22. Ref1 Rb7 23. Rf4 Bh6 24. Rxe4 Bg7 25. Ref4 Bh6 26. R4f3 Bg7 27. e4 Rd8
28. Bg5 Rdb8 29. Bf6 Kh7 30. d5 exd5 31. exd5 Bf8 32. d6 b4 33. Rd1 Rd7 34. Rf2
Bg7 35. Bxg7 Kxg7 36. Rf3 bxc3 37. Rxc3 Rxb2 38. Rxc4 Rxa2 39. Rc7 Rd8 40. d7
Kf8 41. Rc8 Ke7 42. Rc7 Re2 43. Rd5 a4 44. Kf1 Re4 45. Kf2 a3 46. Ra5 a2 47.
Rxa2 Rxd7 48. Raa7 Rxc7 49. Rxc7+ Ke6 50. Rc8 Rxe5 51. Re8+ Kf6 52. Rxe5 Kxe5
53. Kf3 g5 54. h3 f5 55. g4 hxg4+ 56. hxg4 f4 57. Kf2 Ke4 58. Ke2 f3+ 59. Kf2
Kf4 60. Kg1 Kxg4 61. Kf2 Kf4 62. Kg1 Ke3 63. Kf1 f2 64. Kg2 Ke2 65. Kg3 f1=Q 66.
Kg4 Ke3 67. Kxg5 Ke4 68. Kg6 Ke5 69. Kg7 Qf6+ 70. Kg8 Qe7 71. Kh8 Kf6 72. Kg8
Qg7# 0-1

[Event "Challenge"]
[Site "http://www.queenalice.com/game.php?id=1853474"]
[Date "2025.3.7"]
[Round "-"]
[White "okiwiz"]
[Black "EdsonEstevam"]
[Result "1-0"]
[WhiteElo "1782"]
[BlackElo "1765"]

1. d4 d5 2. e3 Bf5 3. Bd3 Bxd3 4. cxd3 h6 5. Nf3 e6 6. Bd2 Nf6 7. O-O Bd6 8. Bc3
O-O 9. Nbd2 Nc6 10. Qe2 Re8 11. Rae1 Bb4 12. e4 e5 13. dxe5 Nh5 14. Nd4 Nf4 15.
Qf3 Ng6 16. Nxc6 bxc6 17. Bxb4 Qg5 18. Bc3 Rab8 19. Nb3 Rb5 20. Re2 Rd8 21. Nd4
Nxe5 22. Qh3 Rbb8 23. f4 Qg4 24. fxe5 Qxh3 25. gxh3 c5 26. Nc6 1-0

[Event "Challenge"]
[Site "http://www.queenalice.com/game.php?id=1854213"]
[Date "2025.3.20"]
[Round "-"]
[White "Piondanslevent"]
[Black "okiwiz"]
[Result "0-1"]
[WhiteElo "1502"]
[BlackElo "1754"]

1. c4 b6 2. d4 Bb7 3. d5 g6 4. e4 Bg7 5. Nf3 h6 6. Be2 d6 7. O-O Nd7 8. Qd2 Ngf6
9. Bd3 O-O 10. b4 Ng4 11. Nc3 Nde5 12. Nxe5 Nxe5 13. Be2 Kh7 14. Nb5 Bc8 15. Bb2
a6 16. Nc3 Bg4 17. f3 Bd7 18. a4 Qc8 19. b5 a5 20. Bd1 Nxc4 21. Qe2 Nxb2 22. Qe3
Nc4 23. Qd3 Ne5 24. Qd2 Nc4 25. Qc1 e6 26. Be2 Ne5 27. Qc2 Bf6 28. Bd1 Nc4 29.
g3 Bd4+ 30. Kh1 Ne3 31. Qd3 Bxc3 32. Qxc3 Nxf1 33. g4 e5 34. Qd3 Ng3+ 35. Kg2
Nxe4 36. Qxe4 f5 37. Qd3 fxg4 38. fxg4 Bxg4 39. Bc2 Qf5 40. Qxf5 Bxf5 41. Bd1
Be4+ 42. Kg1 Bxd5 43. h3 Rf6 44. Kh2 Rf2+ 45. Kg3 Raf8 46. Ra3 Rg2+ 47. Kh4 Rf4+
48. Bg4 g5+ 49. Kh5 Bf7# 0-1

[Event "Challenge"]
[Site "http://www.queenalice.com/game.php?id=1854214"]
[Date "2025.3.20"]
[Round "-"]
[White "EdsonEstevam"]
[Black "okiwiz"]
[Result "1-0"]
[WhiteElo "1738"]
[BlackElo "1785"]

1. e4 e6 2. d4 d5 3. Nc3 dxe4 4. Nxe4 Qd5 5. Qd3 Bb4+ 6. Bd2 Nc6 7. Nf3 Nge7 8.
a3 Ba5 9. b4 Bb6 10. c3 O-O 11. c4 Qh5 12. c5 Bxc5 13. bxc5 Qd5 14. Nfg5 Rd8 15.
Nf6+ Kf8 16. Ngxh7# 1-0

[Event "Challenge"]
[Site "http://www.queenalice.com/game.php?id=1854428"]
[Date "2025.3.24"]
[Round "-"]
[White "okiwiz"]
[Black "Tartenfou93"]
[Result "0-1"]
[WhiteElo "1764"]
[BlackElo "1912"]

1. d4 Nf6 2. e3 d6 3. Bd3 g6 4. Nd2 Bg7 5. f4 Nbd7 6. Ngf3 c5 7. c3 O-O 8. O-O
b6 9. e4 cxd4 10. Nxd4 Bb7 11. Qe1 e5 12. fxe5 dxe5 13. N4f3 Nc5 14. Bc2 Nh5 15.
Nc4 f6 16. Bd2 Qc7 17. Qh4 Nf4 18. Ne1 g5 19. Qg3 Ne2+ 20. Kf2 Nxg3 21. Kxg3
Bxe4 22. Rd1 Bxc2 23. Nxc2 Nd3 24. Be3 e4+ 25. Kh3 Qxc4 26. a3 h5 27. g4 hxg4+
28. Kxg4 Qe6+ 29. Rf5 Ne5+ 30. Kh5 Qxf5 31. Bxg5 Qxg5# 0-1

[Event "Challenge"]
[Site "http://www.queenalice.com/game.php?id=1854725"]
[Date "2025.3.29"]
[Round "-"]
[White "okiwiz"]
[Black "EdsonEstevam"]
[Result "0-1"]
[WhiteElo "1783"]
[BlackElo "1709"]

1. d4 d5 2. f4 Bf5 3. Nf3 Nc6 4. c3 Nf6 5. Nbd2 e6 6. e3 Bd6 7. Bb5 Qd7 8. Ne5
Bxe5 9. fxe5 Ne4 10. Nxe4 Bxe4 11. O-O a6 12. Bd3 Bxd3 13. Qxd3 O-O 14. e4 Ne7
15. Rf3 Ng6 16. Bd2 c5 17. Raf1 c4 18. Qc2 b5 19. Bc1 h6 20. Rh3 Kh7 21. Qe2 a5
22. Qh5 Rh8 23. Rf6 gxf6 24. exf6 Kg8 25. e5 b4 26. Bxh6 bxc3 27. Qg5 cxb2 28.
Bg7 b1=Q+ 29. Kf2 Qxa2+ 30. Kf1 Rxh3 31. gxh3 Qb5 32. Qh6 Qbb2 33. h4 Qaa1+ 34.
Qc1 Qaxc1# 0-1

[Event "Challenge"]
[Site "http://www.queenalice.com/game.php?id=1856332"]
[Date "2025.4.27"]
[Round "-"]
[White "Piondanslevent"]
[Black "okiwiz"]
[Result "0-1"]
[WhiteElo "1478"]
[BlackElo "1760"]

1. c4 g6 2. d4 Bg7 3. e3 b6 4. Nf3 Bb7 5. Be2 d6 6. O-O e6 7. b3 Ne7 8. Bb2 Nd7
9. a4 O-O 10. b4 Nf5 11. e4 Bxe4 12. Qd2 Bh6 13. Qc3 Re8 14. d5 e5 15. b5 Nc5
16. a5 Qc8 17. Ba3 Bxb1 18. Bxc5 dxc5 19. Rfxb1 Bg7 20. axb6 cxb6 21. h3 e4 22.
Qa3 Bxa1 23. Rxa1 exf3 24. Bxf3 Nd6 25. Qb3 Qf5 26. g4 Qf6 27. Rf1 Qd4 28. Rc1
Re7 29. Kg2 Rae8 30. Rd1 Qxc4 31. Qb2 g5 32. Kg1 Re1+ 33. Rxe1 Rxe1+ 34. Kg2
Qf1+ 0-1

[Event "Challenge"]
[Site "http://www.queenalice.com/game.php?id=1858336"]
[Date "2025.6.4"]
[Round "-"]
[White "Piondanslevent"]
[Black "okiwiz"]
[Result "0-1"]
[WhiteElo "1468"]
[BlackElo "1780"]

1. d4 d5 2. e3 e6 3. Nf3 Bd6 4. b3 f5 5. c4 c6 6. Be2 Nd7 7. cxd5 cxd5 8. O-O
Ngf6 9. Bb5 O-O 10. Bb2 Ne4 11. a4 Ndf6 12. Nc3 Bd7 13. Qe2 Qa5 14. Nxe4 fxe4
15. Nd2 Bb4 16. Bxd7 Nxd7 17. Bc1 Rac8 18. h3 Rxc1 19. Rfxc1 Bxd2 20. Rc2 Bb4
21. g4 Bd6 22. Kh1 Rf3 23. Kg2 Qd8 24. Kf1 Rxh3 25. Kg2 Rh2+ 26. Kf1 Qh4 27. Ke1
Rh1+ 28. Kd2 Rxa1 29. Rc8+ Nf8 30. Kc3 Rc1+ 31. Kb2 Rxc8 32. f3 Qh1 33. f4 Qc1+
34. Ka2 Qa3+ 35. Kb1 Rc1# 0-1

[Event "Challenge"]
[Site "http://www.queenalice.com/game.php?id=1862658"]
[Date "2025.9.7"]
[Round "-"]
[White "Leanne"]
[Black "okiwiz"]
[Result "0-1"]
[WhiteElo "1324"]
[BlackElo "1779"]

1. e4 e6 2. d4 d5 3. exd5 Qxd5 4. Nc3 Qd8 5. Nf3 Bb4 6. Bd2 Nf6 7. Be2 Bd7 8.
O-O O-O 9. Ng5 Nc6 10. d5 exd5 11. Nxd5 Nxd5 12. Bd3 Bxd2 13. Qxd2 Nf6 14. Nxh7
Nxh7 15. Bxh7+ Kxh7 16. f4 Bf5 17. Qf2 Qf6 18. c3 Rad8 19. Rac1 Rd3 20. g3 Rfd8
21. Qe2 Rd2 22. Qh5+ Kg8 0-1

[Event "Challenge"]
[Site "http://www.queenalice.com/game.php?id=1862659"]
[Date "2025.9.7"]
[Round "-"]
[White "okiwiz"]
[Black "Leanne"]
[Result "1-0"]
[WhiteElo "1781"]
[BlackElo "1322"]

1. d4 d5 2. e3 Nf6 3. Bd3 g6 4. Nd2 Bg7 5. f4 Bg4 6. Ngf3 Bxf3 7. Nxf3 O-O 8.
O-O Ng4 9. Ne5 Nxe5 10. fxe5 f6 11. exf6 exf6 12. c3 Qd6 13. Bd2 Nd7 14. Qb3 f5
15. Rab1 Nf6 16. Qxb7 Ng4 17. g3 Nxh2 18. Kf2 c5 19. Rh1 Ng4+ 20. Kg2 cxd4 21.
exd4 Nf6 22. Bf4 1-0

[Event "Challenge"]
[Site "http://www.queenalice.com/game.php?id=1863411"]
[Date "2025.9.25"]
[Round "-"]
[White "okiwiz"]
[Black "RAFAELI"]
[Result "1-0"]
[WhiteElo "1765"]
[BlackElo "1718"]

1. d4 e6 2. e3 Bb4+ 3. c3 Bd6 4. f4 Nf6 5. Bd3 c6 6. Nd2 b5 7. Ngf3 h6 8. O-O
Bb7 9. Ne5 Bxe5 10. fxe5 Nd5 11. Qf3 Qe7 12. Ne4 O-O 13. Nd6 Ba6 14. Bd2 Nc7 15.
Qg3 Ne8 16. Rf3 Nxd6 17. exd6 Qe8 18. e4 Kh8 19. e5 Rg8 20. Raf1 f5 21. exf6
gxf6 22. Qh4 h5 23. Qxf6+ Rg7 24. Bh6 Qg8 25. Rg3 b4 26. Bxg7+ Qxg7 27. Rxg7
Bxd3 28. Qh6+ Bh7 29. Rf8# 1-0

[Event "BB King"]
[Site "http://www.queenalice.com/game.php?id=1864780"]
[Date "2025.10.28"]
[Round "-"]
[White "okiwiz"]
[Black "bobifixer"]
[Result "1-0"]
[WhiteElo "1784"]
[BlackElo "1825"]

1. d4 Nf6 2. Bg5 d5 3. Bxf6 exf6 4. e3 g6 5. Bd3 Bg7 6. Nf3 Bg4 7. Nbd2 O-O 8.
O-O Nd7 9. Be2 h5 10. Ne1 Bxe2 11. Qxe2 f5 12. Nef3 c5 13. c3 cxd4 14. exd4 Nf6
15. Ne5 Re8 16. Rae1 Ng4 17. Qb5 Nxe5 18. dxe5 Bxe5 19. Nf3 Bf6 20. Rxe8+ Qxe8
21. Qxd5 b6 22. Re1 Qc8 23. Ne5 Bxe5 24. Rxe5 Rb8 25. Re7 Qf8 26. Rxa7 Rd8 27.
Rd7 Rxd7 28. Qxd7 Qc5 29. Qd8+ Kh7 30. Qd4 Qe7 31. h3 Qe6 32. b3 1-0